Za Zlatkom Klátikom (24. 1. 1922-24. 8. 1990)

Bibliographic Details
Main Author: Pifko, Henrich, 1932- (Author)
Format: Article
Language:Slovak
Subjects:

MARC

LEADER 00000nab a2200000 a 4500
001 vtls000410416
003 SK-MaSNL
005 20260303165504.0
008 230223c1991 xo 0 slo
015 |a SNBRB19rr/mm-uuuuu 
035 |a CL0410540 
035 |a urn:nbn:sk:snk-abf1vq 
035 |a (urnnbn)urn:nbn:sk:snk:ar-004z7k 
035 |a (uuid)311d139a-e067-4930-b54a-0de11fed02d2 
040 |a SNKBUCL  |b slo  |c SNKBUCL  |e AACR2 
041 0 |a slo 
044 |a xo  |c SK 
080 |a 82:929:885.4  |2 1981 
080 |a 929  |2 1981 
080 |a 885.4  |2 1981 
080 |a 929 Klátik, Zlatko  |2 1981 
100 1 |a Pifko, Henrich,  |d 1932-  |4 aut  |9 223452 
245 1 0 |a Za Zlatkom Klátikom  |b (24. 1. 1922-24. 8. 1990)  |c Henrich Pifko 
500 |a V časti Kronika 
600 1 7 |a Klátik, Zlatko,  |d 1922-1990  |2 SNKMA  |9 105447 
655 7 |a nekrológy  |2 snkbucl  |9 402542 
655 7 |a články z odboru literárna veda a krásna literatúra  |2 snkbucl  |9 770045 
655 7 |a články z novín a časopisov  |2 snkbucl  |9 267496 
773 0 |t Slovenská literatúra  |g Roč. 38, č. 1 (1991), s. 74-75 
850 |a Slovenská národná knižnica v Martine  |a MTA001 
852 |a SNK  |b KIS3GCP 
954 |a odborná, vedecká literatúra pôvodná (slovenská)  |2 lita 
958 |a BX 
958 |a RK 
958 |a LX 
958 |a OND 
958 |a EUIPO 
958 |a article27 
992 |a RBX 
999 |c 2072003  |d 2073933